Movies Quiz

Random Movies or Song Quiz

Mythical Movie Musicians Quiz Stats

Quiz Updated Aug 22, 2012

Challenge
Share
Tweet
Score 0/24 Timer 07:00
0 Plays Today
Musicians Movie Title % Correct
Marvin Berry and the StarlightersBack to the Future
60%
Otis Day and the KnightsAnimal House
55.2%
The Soggy Bottom BoysO Brother, Where Art Thou?
54.3%
B. Rabbit8 Mile
46.5%
Wyld StallynsBill & Ted's Bogus Journey
43.6%
StillwaterAlmost Famous
42.1%
The Wonders (a.k.a The Oneders)That Thing You Do
41.7%
Robbie HartThe Wedding Singer
39.7%
Crucial TauntWayne's World
34.5%
Lili Von ShtuppBlazing Saddles
25.3%
Rex ManningEmpire Records
23.5%
Sir Smoke-A-LotHalf Baked
21.9%
Musicians Movie Title % Correct
Figrin D'an and the Modal Nodes
(a.k.a The Cantina Band)
Star Wars Episode IV: A New Hope
21.5%
Sonic Death Monkey
(a.k.a. Kathleen Turner Overdrive/ Barry Jive and the Uptown Five)
High Fidelity
19.4%
Steel DragonRock Star
19%
The KidPurple Rain
17.6%
AutobahnThe Big Lebowski
16%
PowerlineA Goofy Movie
8.9%
PlavalagunaThe Fifth Element
8.1%
Munchausen By ProxyYes Man
7%
DuJourJosie and the Pussycats
6.9%
Sweet Sue and her Society SyncopatorsSome Like It Hot
5.1%
Ronny DesmondAttack of the Killer Tomatoes
1.7%
Cherry BombHoward the Duck
1.4%

You're not logged in!

Compare scores with friends on all Sporcle quizzes.
Join for Free
OR
Log In

You Might Also Like...

Show Comments

Extras

Top Quizzes Today


Score Distribution

Your Account Isn't Verified!

In order to create a playlist on Sporcle, you need to verify the email address you used during registration. Go to your Sporcle Settings to finish the process.

Report this User

Report this user for behavior that violates our Community Guidelines.

Details: